O direito ̉liberdade de expressô e o reconhecimento da sua tripla dimensô no ḿbito internacional de direitos humanos

Bibliographic Details
Main Author: Assunȯ̂ Rodrigues Jn︢ior, Sřgio
Format: eBook
Language:Portuguese
Published: Rio de Janeiro: Editora Processo, 2021
Subjects:
Online Access:Acceso restringido

MARC

LEADER 00000nam a22000007a 4500
005 20220817003617.0
007 cr|||| ||||
008 220817s2021 br |||||s|||| 00||0 por d
020 |a 978658935168-9 
035 |a 36832 
040 |a vLex 
090 |c 13710  |d 13710 
100 1 |a Assunȯ̂ Rodrigues Jn︢ior, Sřgio 
245 1 1 |a O direito ̉liberdade de expressô e o reconhecimento da sua tripla dimensô no ḿbito internacional de direitos humanos  |h [Recurso electrn̤ico] /  |c Sřgio Assunȯ̂ Rodrigues Jn︢ior 
256 |a Servicio en ln̕ea 
260 |a Rio de Janeiro:  |b Editora Processo,  |c 2021 
300 |a 1 recurso electrn̤ico 
500 |a ''Meu nobre e inspirador amigo, Dr. Sergio Assunȯ̂ Rodrigues Jn︢ior, tô jovem e tô capaz, ao ponto de construir uma pesquisa de tamanha relevńcia, nô apenas para a r̀ea da Cin̊cia Jurd̕ica Forense, mas para vr̀ios campos de saber das cin̊cias, como a Sociologia, Filosofia, Sad︢e, Educaȯ̂, entre muitos outros, principalmente, no momento histr̤ico o qual estamos vivenciando no Brasil e no mundo. Aps̤ a leitura da dissertaȯ̂ que cirurgicamente trata do Direito ̉Liberdade de Expressô, de forma inestimv̀el, ̌impossv̕el nô trazer ̉luz a frase da ilustre Evelyn Beatrice Hall : “Eu desaprovo o que dizeis, mas defenderei at ̌a morte vosso direito de diz-̊lo'. Salutar foi sua busca cientf̕ica pela defesa do Direito ̉Liberdade de Expressô, apesar de ser um direito ainda muito tolhido. Sem dv︢ida sua obra vem ressignificar que o Direito ̉Liberdade de Expressô ̌uma conquista real, mas tambm̌ sempre ser ̀uma conquista que dever ̀ser protegida por toda a sociedade democrt̀ica.'’ Aldilene Abreu de Azevedo Doutoranda e Mestre em Sad︢e Pb︢lica pela Escola Nacional de Sad︢e Pb︢lica Sřgio Arouca (ENSP) da Fundaȯ̂ Oswaldo Cru (FIOCRUZ) ''Advogado, pesquisador jovem e talentoso, com um futuro promissor. Seu livro nos provoca a refletir queste̳s atuais e pertinentes. Com uma vasta literatura e anl̀ises de conjuntura, o tema da Tripla Dimensô da liberdade de expressô e direitos humanos ̌brilhantemente tratado.'’ Sindely Chahim de Avellar Alchorne Ps̤ Doutora pela PUC/SP, Ps̤ Doutora pela EHESS/Franȧ, Doutora em Serviȯ Social pela PUC/SP e Mestre em Serviȯ Social pela UFF ''Este livro de Sřgio Assunȯ̂ Rodrigues Jn︢ior visa uma temt̀ica atual e pertinente numa p̌oca em que muitos pas̕es por vezes considerados como paradigma da liberdade de expressô nô o sô na realidade. Portugal ̌um dos pas̕es onde essa liberdade mais existe e pode ser uma boa refern̊cia para o Brasil. Seguramente este trabalho pela sua qualidade ser ̀um livro de consulta para todos interessados no tema e prestigia os acadm̌icos brasileiros como o autor.'’ Jos ̌Eduardo Pinto da Costa Doutor em Cin̊cias Mďicas pela FMUP, Mestre em Grafologia e Documentologia pela Universidade de Barcelona, Fundador e Diretor do Mestrado de Medicina Legal do ICBAS-UP ‘'A escrita articula-se ̉vida, aos movimentos que possibilitam a vida. Articula-se, libertando-a onde est ̀presa ao que se apresenta como natural; traȧ linhas de fuga. Deslocar algo excessivamente adaptado ̌produzir novos acontecimentos! Acreditamos que os encontros de pesquisa podem ter este tom. Reinventar, se preciso for, outro olhar que, desnaturalizado, nô perpetue “verdades”, mas ponha em anl̀ise modos de se perceber, agir e entender o mundo.'’ Antonia Maria Alves De La Cruz Doutora em Psicologia Social pela UERJ, Mestre em Psicologia pela Universidade Gama Filho (UGF) ‘'Uma felicidade encontrar seres como o Sřgio, um apaixonado pela vida e pelo Direito. Lembro, ainda daquele jovem com brilho nos olhos perguntando 'por que a Dignidade Humana nô ̌levada a sřio?'. E falei-lhe que a Dignidade da Pessoa Humana ainda precisava ser densificada, mas que sua escolha trazia luz ao obscurantismo acadm̊ico e prudencial. Com sua obra entrega luzes ao entendimento sobre os Direitos Humanos e aos operadores, que como ele, iluminam os caminhos a serem seguidos.'’ Demetrius dos Santos Ramos Mestre em Direito e Professor de Direito pela Universidade Estc̀io de S ̀(UNESA). 
506 1 |a Disponible solo en los productos indicados  |d vLex Global  |d vLex Global (Academic Edition, excluding Law Schools)  |d vLex Global (U.S. Academic Edition, Law Schools)  |d vLex Global (U.S. Academic Edition, excluding Law Schools)  |d vLex Global (Academic Edition, Law Schools) 
650 0 4 |a Derecho Internacional  |z Brasil 
650 0 4 |a Economa̕ Espaǫla  |z Brasil 
740 0 |a vLex Libros (Servicio en ln̕ea) 
856 4 0 |u https://app.vlex.com/#/sources/36832  |z Acceso restringido 
942 |c BOOK 
999 0 |a International Law 
999 0 |a Spanish Economy